00842nam a2200181Ia 450000500170000000800410001702000180005808200230007610000330009924500470013226000270017930000140020665000340022094200070025499900190026195201880028095201920046820250329121217.0231217s9999 xx 000 0 und d a9788178817750 a337.0951 MRU;1 R aMrudula, E. Raju, Priya ed. 0aChina : tarading empire of the new century c2005bIcfaiaHyderabad aviii, 185 aChina,tarading,empire,century cAA c189221d189221 r2024-01-26 00:00:00l0o337.0951 MRU;1 Rp66037W0v38.00w2024-01-26yAAz660371040708CL00K1993L24/09/2014aMLbMLcCLd2010-10-08eICFAI Pressg38.00EMBAGRSF1V0URupees r2024-01-26 00:00:00l0o337.0951 MRU;2 R1p66038W0v38.00w2024-01-26yAAz660381040708FBA00K1993L24/09/2014aMLbMLcFBLAd2010-10-08eICFAI Pressg38.00EMBAGRSF1V0URupees